00710nam a2200217Ia 4500003000900000008004100009020001800050040001600068080001600084100002100100245010400121260003300225300001700258650002500275650002500300650002800325650001900353942000700372999001500379952009800394IN-BaIIA211028s9999 xx 000 0 eng d a0-306-31115-1 cIIA Library a539.18bPRO aHanle, W.910825 0aProgress in atomic spectroscopebpt. AcW. Hanle  aNew YorkbPlenum Pressc1978 axxxvi, 712p. aAtomic physics91547 aAtomic spectra91533 aMolecular physics91914 aNASA thesaurus cBK c6309d6309 00104070aBANbBANcGENd1979-09-24l0o539.18/ PROp7030r2021-11-05w1979-09-24yBKG49.5